书目信息 |
| 题名: |
应试高分诀窍:大学英语六级模拟题
|
|
| 作者: | 大学英语四六级试题研究组 编著 | |
| 分册: | ||
| 出版信息: | 北京 中国水利水电出版社 2000.01 |
|
| 页数: | 189页 | |
| 开本: | 32开 | |
| 丛书名: | ||
| 单 册: | ||
| 中图分类: | H31 | |
| 科图分类: | ||
| 主题词: | 英语 | |
| 电子资源: | ||
| ISBN: | 7-5084-0194-8 | |
| 000 | 00660nam0 2200193 45 | |
| 001 | 0010060834 | |
| 005 | 20001006082026.2 | |
| 010 | @a7-5084-0194-8@d10.00元 | |
| 100 | @a20001006d2000 km y0chiy0120 ea | |
| 101 | 0 | @achi |
| 105 | @a z 000yy | |
| 200 | 1 | @a应试高分诀窍:大学英语六级模拟题@AYing Shi Gao Fen Jue Qiao:Da Xue Ying Yu Liu Ji Mo Ni Ti@f大学英语四六级试题研究组 编著@FDa Xue Ying Yu Si Liu Ji Shi Ti Yan Jiu Zu Bian Zhu |
| 210 | @a北京@c中国水利水电出版社@d2000.01 | |
| 215 | @a189页@d32开 | |
| 606 | 0 | @a英语 |
| 690 | @aH31@v3 | |
| 701 | 0 | @a大学英语四六级试题研究组@4编著 |
| 801 | @aCN@bPftUser@c20001006 | |
| 905 | @b167188-189@dH31@eS858@f2 | |
| 应试高分诀窍:大学英语六级模拟题/大学英语四六级试题研究组 编著.-北京:中国水利水电出版社,2000.01 |
| 189页;32开 |
| ISBN 7-5084-0194-8:10.00元 |
| ● |
| 相关链接 |
|
|
|
正题名:应试高分诀窍:大学英语六级模拟题
索取号:H31/S858
 
预约/预借
| 序号 | 登录号 | 条形码 | 馆藏地/架位号 | 状态 | 备注 |
| 1 | 167188 | 201671887 | 语言库209/209语言库 86排2列3层/ [索取号:H31/S858] | 在馆 | |
| 2 | 167189 | 201671896 | 自科二线504/504自科库 20排1列4层/ [索取号:H31/S858] | 在馆 |